[Event "SVK-chT U20"]
[Site "Stara Lubovna"]
[Date "2015.05.03"]
[Round "4.4"]
[White "Rosinska, Maria"]
[Black "Nadzamova, Viktoria"]
[Result "1-0"]
[WhiteElo "1464"]
[BlackElo "1409"]
[PlyCount "71"]
[EventDate "2015.05.01"]
[EventType "team-tourn"]
[EventRounds "5"]
[EventCountry "SVK"]
[SourceTitle "EXT 2016"]
[Source "ChessBase"]
[SourceDate "2015.10.08"]
[SourceVersion "1"]
[SourceVersionDate "2015.10.08"]
[SourceQuality "1"]
[WhiteTeam "Komarno"]
[BlackTeam "Kosice Slavia"]
[WhiteTeamCountry "SVK"]
[BlackTeamCountry "SVK"]

1. e4 c5 2. Nf3 e6 3. d4 cxd4 4. Nxd4 a6 5. Nc3 Qc7 6. Be3 Bb4 7. Bd2 Nf6 8. Bd3 b5 9. 0-0 Ba5 10. Qf3 Bb7 11. Rfe1 0-0 12. Qh3 d6 13. Qg3 Rd8 14. Bh6 Ne8 15. Bg5 Rd7 16. Bd2 Nc6 17. Nf3 Ne7 18. Qh3 Ng6 19. Ng5 Nf6 20. Re2 h6 21. Nf3 Rc8 22. Rae1 Ba8 23. e5 Nxe5 24. Nxe5 dxe5 25. Rxe5 Qb7 26. f3 Bc7 27. R5e2 Bb8 28. Bxh6 gxh6 29. Qxh6 Qb6+ 30. Re3 e5 31. Kh1 Re7 32. Ne4 Bxe4 33. Rxe4 Rc6 34. Rh4 Nh5 35. Qh7+ Kf8 36. Qh8# 1-0

[Event "SVK-ch U18 Girls"]
[Site "Stara Lubovna"]
[Date "2014.04.12"]
[Round "7"]
[White "Rosinska, Maria"]
[Black "Nadzamova, Rebeka"]
[Result "1/2-1/2"]
[WhiteElo "1360"]
[BlackElo "1530"]
[PlyCount "73"]
[EventDate "2014.04.05"]
[EventType "tourn"]
[EventRounds "7"]
[EventCountry "SVK"]
[SourceTitle "EXT 2016"]
[Source "ChessBase"]
[SourceDate "2015.10.08"]
[SourceVersion "1"]
[SourceVersionDate "2015.10.08"]
[SourceQuality "1"]

1. e4 c5 2. Nf3 Nc6 3. d4 cxd4 4. Nxd4 e5 5. Nxc6 bxc6 6. Nc3 Nf6 7. Bc4 Bb4 8. Bg5 h6 9. Bxf6 Qxf6 10. Qd2 Qg6 11. g3 Bxc3 12. Qxc3 Qxe4+ 13. Kd2 0-0 14. Rae1 Qd4+ 15. Qxd4 exd4 16. Re7 d5 17. Bd3 Be6 18. Re1 Rfe8 19. Rc7 Rec8 20. Re7 Kf8 21. Rb7 c5 22. Re5 c4 23. Bf5 Rc6 24. Bxe6 fxe6 25. f4 a6 26. g4 Re8 27. h4 Re7 28. Rb8+ Kf7 29. g5 h5 30. g6+ Kxg6 31. Rg5+ Kf6 32. Rxh5 Rf7 33. Re5 Ke7 34. Rb7+ Kf6 35. Rxf7+ Kxf7 36. Rg5 g6 37. h5 1/2-1/2

[Event "SVK-ch U10 Girls"]
[Site "Liptovsky Mikulas"]
[Date "2007.04.24"]
[Round "4"]
[White "Galovicova, Slavomira"]
[Black "Rosinska, Maria"]
[Result "1-0"]
[WhiteElo "1442"]
[BlackElo "1350"]
[PlyCount "61"]
[EventDate "2007.04.22"]
[EventType "swiss"]
[EventRounds "7"]
[EventCountry "SVK"]
[SourceTitle "EXT 2008"]
[Source "ChessBase"]
[SourceDate "2007.11.25"]
[SourceVersion "1"]
[SourceVersionDate "2007.11.25"]
[SourceQuality "1"]

1. e4 e5 2. Nf3 Nc6 3. Bc4 Bc5 4. 0-0 d6 5. c3 Bg4 6. h3 Bh5 7. Bb5 Nf6 8. Bxc6+ bxc6 9. b4 Bb6 10. Re1 c5 11. a3 a5 12. b5 0-0 13. c4 h6 14. d3 a4 15. Bd2 Ba5 16. Bxa5 Rxa5 17. Re3 Re8 18. Qd2 Ra7 19. Nc3 Re7 20. Nh4 c6 21. bxc6 Rec7 22. Rg3 Rxc6 23. Qxh6 g6 24. Nf5 Ne8 25. Qxh5 Nf6 26. Qh6 Ne8 27. Re1 Rb6 28. Nd5 Rb3 29. h4 f6 30. Qxg6+ Kf8 31. Qg8# 1-0